000 00784nam0a22002411 4500
001 rc\767024
005 20040301142837.9
035 _a(NLR Aleph) 006294080
090 _a7181084
_c7181084
100 _a20040301d1985 u |0rusy50 ca
101 0 _arus
102 _aRU
105 _aa |||||||||
200 1 _aТопливо, масло и вода
_eУчеб. пособие
_fМ-во реч. флота РСФСР, Ленингр. ин-т вод. трансп.
210 _aЛ.
_cБ. и.
_d1985
215 _a112 с.
_cил.
_d20
700 1 _aФир
_bБ. А.
_gБорис Андреевич
701 1 _aБраславский
_bМ. И.
_gМихаил Ионович
801 0 _aRU
_bNLR
_gpsbo
801 1 _aRU
_bELAR
_2rusmarc
852 _aNLR
_j86-3/636
942 _cBOOK
980 _aNB